000
00342nam a2200157Ia 4500
100
_a
Manza/Ramesh
650
_a
DIP
942
_c
BK
366
_f
20
654
_a
DIP
245
_a
Understanding digital image processing using Matlab
260
_b
SPD
_c
2016
082
_a
621.367
_b
MAN
300
_a
280
546
_a
ENGLISH
_c
PAMPHALETS
999
_c
21953
_d
21953